[Event "DVM U20 2020"]
[Site "Willingen GER"]
[Date "2021.06.25"]
[Round "3"]
[White "Grimm, Ling Leander"]
[Black "Kamp, Aaron"]
[Result "0-1"]
[Termination "normal"]
[Board "8.5"]
[WhiteElo "1811"]
[BlackElo "1771"]
[WhiteClock "00:29:13"]
[BlackClock "01:13:46"]
[WhiteTeam "SK Bebenhausen 1992"]
[BlackTeam "Schachklub Münster 32 e. V."]
[PlyCount "94"]
[WhiteFideId "12968277"]
[BlackFideId "16231120"]
[EventCountry "GER"]
[EventRounds "7"]
[EventType "team-swiss"]
[EventDate "2021.06.23"]

1. e4 {[%clk 01:30:57]} {[%emt 00:00:03]} c5 {[%clk 01:30:50]} {[%emt
00:00:09]} 2. c3 {[%clk 01:31:05]} {[%emt 00:00:22]} Nf6 {[%clk 01:31:10]}
{[%emt 00:00:11]} 3. e5 {[%clk 01:30:51]} {[%emt 00:00:44]} Nd5 {[%clk
01:31:29]} {[%emt 00:00:10]} 4. d4 {[%clk 01:28:32]} {[%emt 00:02:49]} cxd4
{[%clk 01:31:47]} {[%emt 00:00:12]} 5. Nf3 {[%clk 01:28:39]} {[%emt 00:00:22]}
d6 {[%clk 01:31:21]} {[%emt 00:00:57]} 6. cxd4 {[%clk 01:26:46]} {[%emt
00:02:25]} Nc6 {[%clk 01:31:19]} {[%emt 00:00:30]} 7. Bc4 {[%clk 01:25:35]}
{[%emt 00:01:41]} dxe5 {[%clk 01:30:13]} {[%emt 00:01:35]} 8. dxe5 {[%clk
01:23:49]} {[%emt 00:02:17]} Nb6 {[%clk 01:29:40]} {[%emt 00:01:02]} 9. Bb3
{[%clk 01:23:15]} {[%emt 00:01:04]} Qxd1+ {[%clk 01:29:42]} {[%emt 00:00:29]}
10. Bxd1 {[%clk 01:22:34]} {[%emt 00:01:11]} Bf5 {[%clk 01:29:24]} {[%emt
00:00:48]} 11. O-O {[%clk 01:07:37]} {[%emt 00:15:26]} h6 {[%clk 01:26:38]}
{[%emt 00:03:18]} 12. Nc3 {[%clk 01:00:51]} {[%emt 00:07:16]} e6 {[%clk
01:20:55]} {[%emt 00:06:12]} 13. Be2 {[%clk 00:23:59]} {[%emt 00:37:22]} Be7
{[%clk 01:17:21]} {[%emt 00:04:03]} 14. Bb5 {[%clk 00:18:08]} {[%emt 00:06:23]}
Rc8 {[%clk 01:14:28]} {[%emt 00:03:21]} 15. Nd4 {[%clk 00:16:43]} {[%emt
00:01:56]} O-O {[%clk 01:11:56]} {[%emt 00:03:02]} 16. Bxc6 {[%clk 00:15:03]}
{[%emt 00:02:10]} bxc6 {[%clk 01:12:17]} {[%emt 00:00:08]} 17. Nxf5 {[%clk
00:15:12]} {[%emt 00:00:23]} exf5 {[%clk 01:12:37]} {[%emt 00:00:10]} 18. Be3
{[%clk 00:10:52]} {[%emt 00:04:49]} Rfd8 {[%clk 01:07:03]} {[%emt 00:06:04]}
19. b3 {[%clk 00:05:02]} {[%emt 00:06:21]} Rd3 {[%clk 01:06:31]} {[%emt
00:01:01]} 20. Ne2 {[%clk 00:05:11]} {[%emt 00:00:21]} g5 {[%clk 00:55:54]}
{[%emt 00:11:07]} 21. Rfd1 {[%clk 00:04:03]} {[%emt 00:01:38]} Rcd8 {[%clk
00:55:42]} {[%emt 00:00:41]} 22. Rxd3 {[%clk 00:03:36]} {[%emt 00:00:59]} Rxd3
{[%clk 00:56:01]} {[%emt 00:00:10]} 23. g3 {[%clk 00:03:02]} {[%emt 00:01:04]}
c5 {[%clk 00:54:48]} {[%emt 00:01:42]} 24. Rc1 {[%clk 00:03:04]} {[%emt
00:00:30]} Nd7 {[%clk 00:54:13]} {[%emt 00:01:04]} 25. Kf1 {[%clk 00:02:41]}
{[%emt 00:00:53]} Nxe5 {[%clk 00:51:33]} {[%emt 00:03:09]} 26. Bxc5 {[%clk
00:02:49]} {[%emt 00:00:23]} Bxc5 {[%clk 00:46:23]} {[%emt 00:05:40]} 27. Rxc5
{[%clk 00:03:18]} {[%emt 00:00:02]} Nf3 {[%clk 00:44:30]} {[%emt 00:02:22]} 28.
Rxf5 {[%clk 00:01:05]} {[%emt 00:02:44]} g4 {[%clk 00:40:37]} {[%emt 00:04:21]}
29. Rf4 {[%clk 00:00:32]} {[%emt 00:01:05]} Rd1+ {[%clk 00:40:45]} {[%emt
00:00:21]} 30. Kg2 {[%clk 00:00:47]} {[%emt 00:00:15]} Ne1+ {[%clk 00:41:00]}
{[%emt 00:00:15]} 31. Kf1 {[%clk 00:00:58]} {[%emt 00:00:20]} Nd3+ {[%clk
00:41:14]} {[%emt 00:00:15]} 32. Kg2 {[%clk 00:01:18]} {[%emt 00:00:11]} Nxf4+
{[%clk 00:41:33]} {[%emt 00:00:10]} 33. Nxf4 {[%clk 00:01:44]} {[%emt
00:00:05]} Rd2 {[%clk 00:41:29]} {[%emt 00:00:33]} 34. Nh5 {[%clk 00:00:48]}
{[%emt 00:01:27]} f5 {[%clk 00:40:57]} {[%emt 00:01:02]} 35. a3 {[%clk
00:00:32]} {[%emt 00:00:45]} Rb2 {[%clk 00:40:58]} {[%emt 00:00:28]} 36. h3
{[%clk 00:00:45]} {[%emt 00:00:18]} gxh3+ {[%clk 00:41:08]} {[%emt 00:00:20]}
37. Kxh3 {[%clk 00:01:08]} {[%emt 00:00:08]} Rxb3 {[%clk 00:41:19]} {[%emt
00:00:18]} 38. Kh4 {[%clk 00:00:43]} {[%emt 00:00:55]} Rxa3 {[%clk 00:41:26]}
{[%emt 00:00:22]} 39. Nf4 {[%clk 00:00:46]} {[%emt 00:00:28]} Ra4 {[%clk
00:41:44]} {[%emt 00:00:12]} 40. Kh5 {[%clk 00:01:05]} {[%emt 00:00:11]} Rxf4
{[%clk 00:42:00]} {[%emt 00:00:14]} 41. gxf4 {[%clk 00:01:27]} {[%emt
00:00:08]} Kg7 {[%clk 00:42:10]} {[%emt 00:00:20]} 42. Kh4 {[%clk 00:27:45]}
{[%emt 00:04:13]} a5 {[%clk 01:12:25]} {[%emt 00:00:14]} 43. Kg3 {[%clk
00:28:05]} {[%emt 00:00:11]} a4 {[%clk 01:12:44]} {[%emt 00:00:10]} 44. f3
{[%clk 00:28:13]} {[%emt 00:00:22]} a3 {[%clk 01:13:07]} {[%emt 00:00:07]} 45.
Kh3 {[%clk 00:28:19]} {[%emt 00:00:25]} a2 {[%clk 01:13:27]} {[%emt 00:00:09]}
46. Kh4 {[%clk 00:28:45]} {[%emt 00:00:04]} a1=Q {[%clk 01:13:46]} {[%emt
00:00:11]} 47. Kh5 {[%clk 00:29:13]} {[%emt 00:00:03]} Qh1# {[%emt 00:00:08]}
0-1

[Event "DVM U20 2020"]
[Site "Willingen GER"]
[Date "2021.06.25"]
[Round "3"]
[White "Habersetzer, Elyse"]
[Black "Taras, Simon"]
[Result "1/2-1/2"]
[Termination "normal"]
[Board "8.6"]
[WhiteElo "1602"]
[BlackElo "1690"]
[WhiteClock "00:20:18"]
[BlackClock "00:19:58"]
[WhiteTeam "Schachklub Münster 32 e. V."]
[BlackTeam "SK Bebenhausen 1992"]
[PlyCount "94"]
[WhiteFideId "16222288"]
[BlackFideId "12970972"]
[EventCountry "GER"]
[EventRounds "7"]
[EventType "team-swiss"]
[EventDate "2021.06.23"]

1. b3 {[%clk 01:30:58]} d5 {[%clk 01:28:38]} {[%emt 00:02:23]} 2. Bb2 {[%clk
01:31:12]} {[%emt 00:00:16]} c5 {[%clk 01:28:45]} {[%emt 00:00:22]} 3. e3
{[%clk 01:31:27]} {[%emt 00:00:16]} Nc6 {[%clk 01:28:34]} {[%emt 00:00:41]} 4.
Bb5 {[%clk 01:31:36]} {[%emt 00:00:21]} e6 {[%clk 01:23:45]} {[%emt 00:05:19]}
5. Bxc6+ {[%clk 01:29:43]} {[%emt 00:02:24]} bxc6 {[%clk 01:24:07]} {[%emt
00:00:07]} 6. Nf3 {[%clk 01:27:16]} {[%emt 00:02:56]} Ba6 {[%clk 01:21:12]}
{[%emt 00:03:26]} 7. d3 {[%clk 01:25:32]} {[%emt 00:02:14]} Nf6 {[%clk
01:17:58]} {[%emt 00:03:42]} 8. Ne5 {[%clk 01:24:04]} {[%emt 00:01:59]} Qc7
{[%clk 01:08:04]} {[%emt 00:10:25]} 9. Nd2 {[%clk 01:21:16]} {[%emt 00:03:18]}
Be7 {[%clk 01:02:10]} {[%emt 00:06:20]} 10. O-O {[%clk 01:19:17]} {[%emt
00:02:33]} O-O {[%clk 01:00:48]} {[%emt 00:01:51]} 11. f4 {[%clk 01:12:05]}
{[%emt 00:07:43]} Nd7 {[%clk 00:51:20]} {[%emt 00:09:57]} 12. Qg4 {[%clk
01:08:15]} {[%emt 00:04:20]} f5 {[%clk 00:44:26]} {[%emt 00:07:24]} 13. Qg3
{[%clk 01:06:28]} {[%emt 00:02:17]} Bf6 {[%clk 00:30:09]} {[%emt 00:14:46]} 14.
Ndf3 {[%clk 00:56:15]} {[%emt 00:10:44]} Nxe5 {[%clk 00:23:34]} {[%emt
00:07:06]} 15. Nxe5 {[%clk 00:55:29]} {[%emt 00:01:15]} Bxe5 {[%clk 00:22:38]}
{[%emt 00:01:26]} 16. Bxe5 {[%clk 00:55:52]} {[%emt 00:00:07]} Qe7 {[%clk
00:22:52]} {[%emt 00:00:16]} 17. Rfd1 {[%clk 00:54:30]} {[%emt 00:01:52]} Rad8
{[%clk 00:17:13]} {[%emt 00:06:09]} 18. c4 {[%clk 00:52:16]} {[%emt 00:02:45]}
d4 {[%clk 00:16:14]} {[%emt 00:01:29]} 19. e4 {[%clk 00:52:01]} {[%emt
00:00:45]} fxe4 {[%clk 00:11:28]} {[%emt 00:05:16]} 20. dxe4 {[%clk 00:52:25]}
{[%emt 00:00:06]} Rd7 {[%clk 00:10:03]} {[%emt 00:01:54]} 21. Rd3 {[%clk
00:45:39]} {[%emt 00:07:17]} Bc8 {[%clk 00:08:18]} {[%emt 00:02:15]} 22. Qg5
{[%clk 00:41:51]} {[%emt 00:04:17]} Qxg5 {[%clk 00:06:57]} {[%emt 00:01:52]}
23. fxg5 {[%clk 00:42:17]} {[%emt 00:00:04]} a5 {[%clk 00:06:24]} {[%emt
00:01:02]} 24. Rf1 {[%clk 00:41:21]} {[%emt 00:01:26]} Rxf1+ {[%clk 00:03:47]}
{[%emt 00:03:08]} 25. Kxf1 {[%clk 00:41:48]} {[%emt 00:00:03]} a4 {[%clk
00:03:03]} {[%emt 00:01:14]} 26. Bb8 {[%clk 00:40:02]} {[%emt 00:02:16]} Kf7
{[%clk 00:02:16]} {[%emt 00:01:14]} 27. e5 {[%clk 00:38:47]} {[%emt 00:01:48]}
Kg6 {[%clk 00:01:55]} {[%emt 00:00:50]} 28. h4 {[%clk 00:38:06]} {[%emt
00:01:11]} Rf7+ {[%clk 00:01:36]} {[%emt 00:00:49]} 29. Ke2 {[%clk 00:37:39]}
{[%emt 00:00:58]} Kh5 {[%clk 00:00:59]} {[%emt 00:01:07]} 30. g3 {[%clk
00:34:38]} {[%emt 00:03:31]} Ba6 {[%clk 00:00:50]} {[%emt 00:00:39]} 31. Rf3
{[%clk 00:33:59]} {[%emt 00:01:09]} Rb7 {[%clk 00:00:38]} {[%emt 00:00:42]} 32.
Bd6 {[%clk 00:25:55]} {[%emt 00:08:34]} axb3 {[%clk 00:00:40]} {[%emt
00:00:28]} 33. axb3 {[%clk 00:25:08]} {[%emt 00:01:17]} Kg4 {[%clk 00:00:59]}
{[%emt 00:00:10]} 34. Kf2 {[%clk 00:24:55]} {[%emt 00:00:43]} Bxc4 {[%clk
00:00:33]} {[%emt 00:00:57]} 35. Rf4+ {[%clk 00:24:59]} {[%emt 00:00:26]} Kh3
{[%clk 00:00:51]} {[%emt 00:00:11]} 36. bxc4 {[%clk 00:24:55]} {[%emt
00:00:34]} Rb2+ {[%clk 00:01:13]} {[%emt 00:00:08]} 37. Kf3 {[%clk 00:19:52]}
{[%emt 00:05:33]} Rb3+ {[%clk 00:01:12]} {[%emt 00:00:32]} 38. Ke2 {[%clk
00:19:04]} {[%emt 00:01:17]} Kxg3 {[%clk 00:01:28]} {[%emt 00:00:15]} 39. Rf7
{[%clk 00:17:15]} {[%emt 00:02:18]} Rb2+ {[%clk 00:00:51]} {[%emt 00:01:07]}
40. Kd3 {[%clk 00:16:43]} {[%emt 00:01:02]} Rb3+ {[%clk 00:01:07]} {[%emt
00:00:14]} 41. Kd2 {[%clk 00:16:08]} {[%emt 00:01:06]} Rb2+ {[%clk 00:27:04]}
{[%emt 00:04:33]} 42. Kc1 {[%clk 00:30:10]} {[%emt 00:16:29]} Rb4 {[%clk
00:24:36]} {[%emt 00:02:55]} 43. Rxg7 {[%clk 00:30:16]} {[%emt 00:00:26]} Kf3
{[%clk 00:23:17]} {[%emt 00:01:48]} 44. Kd2 {[%clk 00:26:45]} {[%emt 00:04:01]}
Rb2+ {[%clk 00:21:04]} {[%emt 00:02:43]} 45. Kd3 {[%clk 00:25:53]} {[%emt
00:01:22]} Rb3+ {[%clk 00:20:49]} {[%emt 00:00:45]} 46. Kd2 {[%clk 00:20:18]}
{[%emt 00:06:06]} Rb2+ {[%clk 00:19:58]} {[%emt 00:01:20]} 47. Ke2+ {[%emt
00:14:43]} Kg4+ {[%emt 00:00:03]} 1/2-1/2

[Event "DVM U20 2020"]
[Site "Willingen GER"]
[Date "2021.06.25"]
[Round "4"]
[White "Vuckovic, Zarko"]
[Black "Suvorov, Alexander"]
[Result "1/2-1/2"]
[Termination "normal"]
[Board "1.1"]
[BlackTitle "FM"]
[WhiteElo "2241"]
[BlackElo "2353"]
[WhiteClock "00:11:22"]
[BlackClock "00:01:06"]
[WhiteTeam "Schachfreunde Augsburg"]
[BlackTeam "Schachgemeinschaft Porz e. V."]
[PlyCount "100"]
[WhiteFideId "12952087"]
[BlackFideId "12977063"]
[EventCountry "GER"]
[EventRounds "7"]
[EventType "team-swiss"]
[EventDate "2021.06.23"]

1. e4 {[%clk 01:30:59]} {[%emt 00:00:01]} c5 {[%clk 01:30:39]} {[%emt
00:00:20]} 2. Nf3 {[%clk 01:31:19]} {[%emt 00:00:10]} e6 {[%clk 01:30:57]}
{[%emt 00:00:13]} 3. d4 {[%clk 01:26:08]} {[%emt 00:05:41]} cxd4 {[%clk
01:31:18]} {[%emt 00:00:09]} 4. Nxd4 {[%clk 01:26:32]} {[%emt 00:00:06]} Nc6
{[%clk 01:31:37]} {[%emt 00:00:10]} 5. Nc3 {[%clk 01:26:50]} {[%emt 00:00:12]}
Qc7 {[%clk 01:32:03]} {[%emt 00:00:05]} 6. Be3 {[%clk 01:27:02]} {[%emt
00:00:18]} a6 {[%clk 01:32:03]} {[%emt 00:00:29]} 7. Qd2 {[%clk 01:27:27]}
{[%emt 00:00:06]} Nf6 {[%clk 01:29:31]} {[%emt 00:03:02]} 8. f3 {[%clk
01:27:10]} {[%emt 00:00:47]} Bb4 {[%clk 01:27:15]} {[%emt 00:02:46]} 9. O-O-O
{[%clk 01:23:50]} {[%emt 00:03:50]} Ne5 {[%clk 01:26:50]} {[%emt 00:00:55]} 10.
Nb3 {[%clk 01:18:29]} {[%emt 00:05:51]} b5 {[%clk 01:25:02]} {[%emt 00:02:16]}
11. Qd4 {[%clk 01:09:09]} {[%emt 00:09:52]} Nc6 {[%clk 01:16:43]} {[%emt
00:08:48]} 12. Qb6 {[%clk 01:07:22]} {[%emt 00:02:18]} Qxb6 {[%clk 01:12:15]}
{[%emt 00:04:58]} 13. Bxb6 {[%clk 01:07:46]} {[%emt 00:00:06]} Be7 {[%clk
01:06:43]} {[%emt 00:06:01]} 14. a3 {[%clk 00:53:13]} {[%emt 00:15:03]} O-O
{[%clk 01:05:05]} {[%emt 00:02:09]} 15. f4 {[%clk 00:47:03]} {[%emt 00:06:40]}
d6 {[%clk 01:02:24]} {[%emt 00:03:11]} 16. Be2 {[%clk 00:44:17]} {[%emt
00:03:16]} Ne8 {[%clk 00:52:51]} {[%emt 00:10:03]} 17. Bf3 {[%clk 00:41:01]}
{[%emt 00:03:45]} Rb8 {[%clk 00:52:26]} {[%emt 00:00:55]} 18. Be3 {[%clk
00:37:35]} {[%emt 00:03:56]} Bb7 {[%clk 00:50:21]} {[%emt 00:02:35]} 19. e5
{[%clk 00:35:21]} {[%emt 00:02:45]} Nd8 {[%clk 00:29:04]} {[%emt 00:21:48]} 20.
exd6 {[%clk 00:34:37]} {[%emt 00:01:14]} Nxd6 {[%clk 00:28:03]} {[%emt
00:01:30]} 21. Rhf1 {[%clk 00:25:21]} {[%emt 00:09:45]} Nf5 {[%clk 00:10:00]}
{[%emt 00:18:34]} 22. Ba7 {[%clk 00:24:51]} {[%emt 00:01:00]} Bxf3 {[%clk
00:07:01]} {[%emt 00:03:29]} 23. Rxf3 {[%clk 00:24:00]} {[%emt 00:01:21]} Rc8
{[%clk 00:05:53]} {[%emt 00:01:38]} 24. Rd7 {[%clk 00:18:14]} {[%emt 00:06:15]}
Nc6 {[%clk 00:06:22]} {[%emt 00:00:02]} 25. Rfd3 {[%clk 00:17:06]} {[%emt
00:01:38]} b4 {[%clk 00:05:37]} {[%emt 00:01:15]} 26. axb4 {[%clk 00:13:15]}
{[%emt 00:04:20]} Bxb4 {[%clk 00:05:20]} {[%emt 00:00:48]} 27. Na2 {[%clk
00:10:37]} {[%emt 00:03:07]} e5 {[%clk 00:04:23]} {[%emt 00:01:28]} 28. Nxb4
{[%clk 00:09:31]} {[%emt 00:01:36]} Nxb4 {[%clk 00:04:45]} {[%emt 00:00:08]}
29. Rd2 {[%clk 00:09:57]} {[%emt 00:00:04]} Nc6 {[%clk 00:04:13]} {[%emt
00:01:02]} 30. Bc5 {[%clk 00:07:44]} {[%emt 00:02:43]} Rfe8 {[%clk 00:04:12]}
{[%emt 00:00:31]} 31. g4 {[%clk 00:07:16]} {[%emt 00:00:58]} Nh4 {[%clk
00:03:35]} {[%emt 00:01:07]} 32. f5 {[%clk 00:07:21]} {[%emt 00:00:24]} Nf3
{[%clk 00:03:34]} {[%emt 00:00:31]} 33. Re2 {[%clk 00:05:09]} {[%emt 00:02:43]}
a5 {[%clk 00:03:59]} {[%emt 00:00:05]} 34. Rd5 {[%clk 00:05:22]} {[%emt
00:00:16]} f6 {[%clk 00:03:03]} {[%emt 00:01:27]} 35. c3 {[%clk 00:05:08]}
{[%emt 00:00:43]} e4 {[%clk 00:02:50]} {[%emt 00:00:44]} 36. Nd2 {[%clk
00:04:59]} {[%emt 00:00:39]} Nxd2 {[%clk 00:02:24]} {[%emt 00:00:57]} 37. Kxd2
{[%clk 00:05:21]} {[%emt 00:00:06]} a4 {[%clk 00:02:26]} {[%emt 00:00:28]} 38.
Ke3 {[%clk 00:04:18]} {[%emt 00:01:33]} Ne5 {[%clk 00:01:42]} {[%emt 00:01:14]}
39. h3 {[%clk 00:04:39]} {[%emt 00:00:10]} Nd3 {[%clk 00:01:04]} {[%emt
00:01:08]} 40. Ba3 {[%clk 00:04:56]} {[%emt 00:00:13]} Ne5 {[%clk 00:00:55]}
{[%emt 00:00:39]} 41. Kf4 {[%clk 00:03:36]} {[%emt 00:01:50]} Nc4 {[%clk
00:22:47]} {[%emt 00:08:38]} 42. Bb4 {[%clk 00:22:28]} {[%emt 00:11:37]} e3
{[%clk 00:21:12]} {[%emt 00:02:06]} 43. Rd4 {[%clk 00:22:28]} {[%emt 00:00:30]}
Nxb2 {[%clk 00:12:38]} {[%emt 00:09:04]} 44. Kf3 {[%clk 00:13:26]} {[%emt
00:09:29]} Nc4 {[%clk 00:11:47]} {[%emt 00:01:23]} 45. Ra2 {[%clk 00:13:23]}
{[%emt 00:00:33]} a3 {[%clk 00:01:07]} {[%emt 00:11:11]} 46. Ke2 {[%clk
00:13:34]} {[%emt 00:00:18]} Red8 {[%clk 00:00:44]} {[%emt 00:00:54]} 47. Kd3
{[%clk 00:13:19]} {[%emt 00:00:44]} Rxd4+ {[%clk 00:00:35]} {[%emt 00:00:40]}
48. cxd4 {[%clk 00:13:33]} {[%emt 00:00:16]} Nb6 {[%clk 00:00:48]} {[%emt
00:00:17]} 49. Rxa3 {[%clk 00:12:51]} {[%emt 00:01:12]} Nd5 {[%clk 00:01:08]}
{[%emt 00:00:10]} 50. Bd6 {[%clk 00:11:22]} {[%emt 00:01:58]} Re8 {[%clk
00:01:06]} {[%emt 00:00:34]} 1/2-1/2

[Event "DVM U20 2020"]
[Site "Willingen GER"]
[Date "2021.06.25"]
[Round "4"]
[White "Suvorov, Luca"]
[Black "Weller, Uli"]
[Result "1/2-1/2"]
[Termination "normal"]
[Board "1.2"]
[WhiteTitle "FM"]
[WhiteElo "2279"]
[BlackElo "2144"]
[WhiteClock "00:02:00"]
[BlackClock "00:15:46"]
[WhiteTeam "Schachgemeinschaft Porz e. V."]
[BlackTeam "Schachfreunde Augsburg"]
[PlyCount "60"]
[WhiteFideId "12977071"]
[BlackFideId "12971782"]
[EventCountry "GER"]
[EventRounds "7"]
[EventType "team-swiss"]
[EventDate "2021.06.23"]

1. d4 {[%clk 01:30:59]} Nf6 {[%clk 01:30:56]} {[%emt 00:00:05]} 2. c4 {[%clk
01:31:23]} {[%emt 00:00:06]} e6 {[%clk 01:31:21]} {[%emt 00:00:05]} 3. Nc3
{[%clk 01:31:48]} {[%emt 00:00:05]} Bb4 {[%clk 01:31:46]} {[%emt 00:00:04]} 4.
e3 {[%clk 01:32:04]} {[%emt 00:00:15]} O-O {[%clk 01:30:59]} {[%emt 00:01:16]}
5. Nge2 {[%clk 01:32:28]} {[%emt 00:00:07]} Re8 {[%clk 01:30:32]} {[%emt
00:00:57]} 6. a3 {[%clk 01:32:50]} {[%emt 00:00:08]} Bf8 {[%clk 01:30:44]}
{[%emt 00:00:18]} 7. Ng3 {[%clk 01:32:59]} {[%emt 00:00:21]} d5 {[%clk
01:25:43]} {[%emt 00:05:30]} 8. Be2 {[%clk 01:31:11]} {[%emt 00:02:18]} dxc4
{[%clk 01:20:36]} {[%emt 00:05:38]} 9. O-O {[%clk 01:27:07]} {[%emt 00:04:34]}
c5 {[%clk 01:17:49]} {[%emt 00:03:16]} 10. dxc5 {[%clk 01:25:55]} {[%emt
00:01:42]} Bxc5 {[%clk 01:11:07]} {[%emt 00:07:13]} 11. Bxc4 {[%clk 01:24:45]}
{[%emt 00:01:39]} a6 {[%clk 01:01:48]} {[%emt 00:09:49]} 12. b4 {[%clk
01:21:57]} {[%emt 00:03:18]} Be7 {[%clk 00:58:39]} {[%emt 00:03:39]} 13. Be2
{[%clk 01:20:35]} {[%emt 00:01:52]} Qc7 {[%clk 00:56:58]} {[%emt 00:02:11]} 14.
Bb2 {[%clk 01:17:09]} {[%emt 00:03:56]} Rd8 {[%clk 00:53:05]} {[%emt 00:04:22]}
15. Qb3 {[%clk 01:12:29]} {[%emt 00:05:11]} b5 {[%clk 00:42:12]} {[%emt
00:11:23]} 16. Rac1 {[%clk 01:08:30]} {[%emt 00:04:29]} Qb6 {[%clk 00:41:44]}
{[%emt 00:00:58]} 17. Nce4 {[%clk 00:49:48]} {[%emt 00:19:13]} Nxe4 {[%clk
00:39:05]} {[%emt 00:03:08]} 18. Nxe4 {[%clk 00:47:10]} {[%emt 00:03:08]} Bb7
{[%clk 00:33:26]} {[%emt 00:06:09]} 19. Bf3 {[%clk 00:45:34]} {[%emt 00:02:06]}
Bd5 {[%clk 00:29:34]} {[%emt 00:04:22]} 20. Qc3 {[%clk 00:41:54]} {[%emt
00:04:11]} f6 {[%clk 00:29:37]} {[%emt 00:00:26]} 21. Ng5 {[%clk 00:27:33]}
{[%emt 00:14:52]} Bxf3 {[%clk 00:27:37]} {[%emt 00:02:28]} 22. Nxf3 {[%clk
00:26:30]} {[%emt 00:01:35]} Nd7 {[%clk 00:23:11]} {[%emt 00:04:56]} 23. Qb3
{[%clk 00:17:55]} {[%emt 00:09:05]} Nf8 {[%clk 00:20:56]} {[%emt 00:02:44]} 24.
Bd4 {[%clk 00:08:27]} {[%emt 00:09:58]} Qb7 {[%clk 00:20:40]} {[%emt 00:00:46]}
25. h3 {[%clk 00:06:22]} {[%emt 00:02:35]} Kh8 {[%clk 00:19:28]} {[%emt
00:01:41]} 26. Rc2 {[%clk 00:05:49]} {[%emt 00:01:04]} e5 {[%clk 00:18:19]}
{[%emt 00:01:38]} 27. Bb2 {[%clk 00:03:38]} {[%emt 00:02:42]} Rac8 {[%clk
00:17:20]} {[%emt 00:01:28]} 28. Rxc8 {[%clk 00:02:43]} {[%emt 00:01:26]} Rxc8
{[%clk 00:15:51]} {[%emt 00:01:59]} 29. Rd1 {[%clk 00:02:12]} {[%emt 00:01:02]}
Qc6 {[%clk 00:15:44]} {[%emt 00:00:36]} 30. Rc1 {[%clk 00:02:00]} {[%emt
00:00:42]} Qe6 {[%clk 00:15:46]} {[%emt 00:00:28]} 1/2-1/2

[Event "DVM U20 2020"]
[Site "Willingen GER"]
[Date "2021.06.25"]
[Round "4"]
[White "Gallasch, Jonas"]
[Black "Gubariev, Yakiv"]
[Result "1/2-1/2"]
[Termination "normal"]
[Board "1.4"]
[WhiteElo "2112"]
[BlackElo "1925"]
[WhiteClock "00:23:09"]
[BlackClock "00:29:00"]
[WhiteTeam "Schachgemeinschaft Porz e. V."]
[BlackTeam "Schachfreunde Augsburg"]
[PlyCount "58"]
[WhiteFideId "16222474"]
[BlackFideId "16216938"]
[EventCountry "GER"]
[EventRounds "7"]
[EventType "team-swiss"]
[EventDate "2021.06.23"]

1. d4 {[%clk 01:30:56]} {[%emt 00:00:03]} Nf6 {[%clk 01:30:45]} {[%emt
00:00:16]} 2. c4 {[%clk 01:31:07]} {[%emt 00:00:19]} e6 {[%clk 01:29:45]}
{[%emt 00:01:31]} 3. Nf3 {[%clk 01:31:26]} {[%emt 00:00:10]} d5 {[%clk
01:29:57]} {[%emt 00:00:18]} 4. Nc3 {[%clk 01:31:36]} {[%emt 00:00:20]} Be7
{[%clk 01:30:15]} {[%emt 00:00:11]} 5. cxd5 {[%clk 01:31:53]} {[%emt 00:00:13]}
exd5 {[%clk 01:30:40]} {[%emt 00:00:05]} 6. Bg5 {[%clk 01:32:12]} {[%emt
00:00:11]} h6 {[%clk 01:30:58]} {[%emt 00:00:13]} 7. Bh4 {[%clk 01:32:24]}
{[%emt 00:00:18]} c6 {[%clk 01:31:08]} {[%emt 00:00:20]} 8. Qc2 {[%clk
01:32:40]} {[%emt 00:00:14]} O-O {[%clk 01:31:09]} {[%emt 00:00:29]} 9. e3
{[%clk 01:32:19]} {[%emt 00:00:50]} Re8 {[%clk 01:24:34]} {[%emt 00:07:05]} 10.
Bd3 {[%clk 01:28:10]} {[%emt 00:04:39]} Nbd7 {[%clk 01:21:59]} {[%emt
00:03:05]} 11. O-O {[%clk 01:26:02]} {[%emt 00:02:38]} Ne4 {[%clk 01:19:20]}
{[%emt 00:03:09]} 12. Bxe7 {[%clk 01:23:52]} {[%emt 00:02:40]} Qxe7 {[%clk
01:19:32]} {[%emt 00:00:18]} 13. Rab1 {[%clk 01:22:09]} {[%emt 00:02:13]} b6
{[%clk 01:15:30]} {[%emt 00:04:32]} 14. Nd2 {[%clk 01:11:22]} {[%emt 00:11:17]}
Ndf6 {[%clk 01:09:42]} {[%emt 00:06:19]} 15. Ncxe4 {[%clk 01:01:49]} {[%emt
00:10:03]} dxe4 {[%clk 01:09:39]} {[%emt 00:00:33]} 16. Be2 {[%clk 01:00:29]}
{[%emt 00:01:50]} Bb7 {[%clk 01:07:25]} {[%emt 00:02:44]} 17. Rfe1 {[%clk
00:54:16]} {[%emt 00:06:42]} Rac8 {[%clk 01:00:40]} {[%emt 00:07:16]} 18. Qb3
{[%clk 00:46:05]} {[%emt 00:08:40]} c5 {[%clk 00:57:03]} {[%emt 00:04:08]} 19.
dxc5 {[%clk 00:41:20]} {[%emt 00:05:15]} Rxc5 {[%clk 00:55:21]} {[%emt
00:02:13]} 20. Qa3 {[%clk 00:37:24]} {[%emt 00:04:25]} Rc2 {[%clk 00:50:05]}
{[%emt 00:05:45]} 21. Qxe7 {[%clk 00:36:50]} {[%emt 00:01:06]} Rxe7 {[%clk
00:50:33]} {[%emt 00:00:01]} 22. Nb3 {[%clk 00:37:19]} {[%emt 00:00:01]} Bd5
{[%clk 00:45:03]} {[%emt 00:06:00]} 23. Nd4 {[%clk 00:33:23]} {[%emt 00:04:25]}
Rd2 {[%clk 00:42:56]} {[%emt 00:02:37]} 24. Red1 {[%clk 00:30:34]} {[%emt
00:03:19]} Bxa2 {[%clk 00:38:20]} {[%emt 00:05:07]} 25. Rxd2 {[%clk 00:30:18]}
{[%emt 00:00:46]} Bxb1 {[%clk 00:38:48]} {[%emt 00:00:02]} 26. Rd1 {[%clk
00:30:36]} {[%emt 00:00:12]} Bd3 {[%clk 00:31:26]} {[%emt 00:07:52]} 27. Bxd3
{[%clk 00:30:28]} {[%emt 00:00:38]} exd3 {[%clk 00:31:54]} {[%emt 00:00:02]}
28. Rxd3 {[%clk 00:30:40]} {[%emt 00:00:18]} Ne4 {[%clk 00:31:42]} {[%emt
00:00:42]} 29. Rd1 {[%clk 00:23:09]} {[%emt 00:08:00]} Rc7 {[%clk 00:29:00]}
{[%emt 00:03:11]} 1/2-1/2